[Event "AUTO-MASTER-22"]
[Site "http://www.queenalice.com/game.php?id=53591"]
[Date "2006.2.18"]
[Round "3"]
[White "jiikoo"]
[Black "cox7"]
[Result "1-0"]
[WhiteElo "2216"]
[BlackElo "2096"]

1. d4 Nf6 2. Nf3 g6 3. c4 Bg7 4. Nc3 d6 5. e4 O-O 6. Be2 Nbd7 7. O-O c6 8. Be3
a6 9. Qc2 b5 10. a3 Bb7 11. b4 Qc7 12. Rac1 Rfc8 13. Qb3 bxc4 14. Bxc4 e6 15.
Nd2 c5 16. bxc5 dxc5 17. Ne2 Bc6 18. Rfd1 cxd4 19. Bxd4 Qb7 20. Qxb7 Bxb7 21. f3
Bh6 22. Rc3 Bc6 23. Nf1 1-0

[Event "AUTO-MASTER-22"]
[Site "http://www.queenalice.com/game.php?id=53592"]
[Date "2006.2.18"]
[Round "3"]
[White "cox7"]
[Black "jiikoo"]
[Result "0-1"]
[WhiteElo "2085"]
[BlackElo "2224"]

1. d4 e6 2. e4 d5 3. Nc3 Bb4 4. e5 c5 5. a3 Bxc3+ 6. bxc3 Nc6 7. a4 Bd7 8. Rb1
Qc7 9. Nf3 f6 10. Bb5 a6 11. Bxc6 Bxc6 12. O-O Bxa4 13. Re1 Bd7 14. Ba3 b6 15.
c4 dxc4 16. dxc5 b5 17. Nd4 Kf7 18. c6 Bc8 19. Bd6 Qb6 20. Qh5+ g6 21. Qh4 f5
22. Re3 Ke8 0-1

[Event "Challenge"]
[Site "http://www.queenalice.com/game.php?id=54252"]
[Date "2006.2.22"]
[Round "-"]
[White "cox7"]
[Black "BVA"]
[Result "1-0"]
[WhiteElo "2102"]
[BlackElo "1464"]

1. d4 d5 2. c4 e6 3. Nf3 Nf6 4. Nc3 Bd6 5. Bg5 dxc4 6. e4 Be7 7. Bxc4 Bd7 8. O-O
O-O 9. Qb3 b6 10. e5 Nd5 11. Nxd5 exd5 12. Bxe7 Qxe7 13. Bxd5 Nc6 14. Rac1 Na5
15. Qc3 Rac8 16. b4 Nc6 17. Bxc6 Be6 18. d5 Bg4 19. b5 1-0

[Event "Challenge"]
[Site "http://www.queenalice.com/game.php?id=57026"]
[Date "2006.3.12"]
[Round "-"]
[White "tesselizaga"]
[Black "cox7"]
[Result "0-1"]
[WhiteElo "1178"]
[BlackElo "2036"]

1. e4 c5 2. Nf3 d6 3. d4 cxd4 4. Nxd4 Nf6 5. Nc3 a6 6. Be2 e6 7. Be3 Be7 8. O-O
O-O 9. f4 Qc7 10. g4 b5 11. g5 Nfd7 12. f5 Ne5 13. f6 Bd8 14. fxg7 Kxg7 15. Qe1
Bb7 16. Qh4 Nbd7 17. Qh6+ Kg8 18. Rf2 b4 19. Raf1 Nc5 20. Na4 Be7 21. Nxc5 dxc5
22. Rf4 cxd4 23. Rh4 Bxe4 24. Bxd4 Bxc2 25. Rc1 Bc5 26. Kf1 Bxd4 27. Rxd4 Rac8
28. Rh4 Qc6 29. Ke1 Nf3+ 30. Bxf3 Qxf3 31. Rxc2 Qe3+ 32. Kf1 Qf3+ 33. Ke1 Qh1+
34. Kd2 Qg2+ 35. Ke3 Qxc2 0-1

[Event "Challenge"]
[Site "http://www.queenalice.com/game.php?id=57027"]
[Date "2006.3.12"]
[Round "-"]
[White "cox7"]
[Black "tesselizaga"]
[Result "1-0"]
[WhiteElo "2032"]
[BlackElo "1182"]

1. d4 e6 2. e4 d5 3. Nc3 dxe4 4. Nxe4 Nd7 5. Nf3 Ngf6 6. Nxf6+ Nxf6 7. Bd3 Be7
8. Qe2 b6 9. Bb5+ Bd7 10. Ne5 O-O 11. Nxd7 Nxd7 12. Bc6 Rb8 13. O-O Nf6 14. c3
Qd6 15. Qf3 Nd5 16. Ba4 b5 17. Bc2 f5 18. a4 b4 19. c4 Nf6 20. Rd1 Ng4 21. h3
Qh2+ 22. Kf1 Nf6 23. Bf4 Qh1+ 24. Ke2 1-0

[Event "Challenge"]
[Site "http://www.queenalice.com/game.php?id=57041"]
[Date "2006.3.12"]
[Round "-"]
[White "tesselizaga"]
[Black "cox7"]
[Result "0-1"]
[WhiteElo "1180"]
[BlackElo "2034"]

1. d4 Nf6 2. c4 g6 3. Nc3 Bg7 4. e3 c5 5. Nge2 O-O 6. g3 cxd4 7. Nxd4 Nc6 8. Bg2
Rb8 9. O-O Nxd4 10. exd4 d6 11. Bg5 a6 12. Qd2 b5 13. cxb5 axb5 14. Rfe1 Re8 15.
Bh6 Bh8 16. Qe3 Ng4 17. Qf4 Nxh6 18. Qxh6 Bxd4 19. Re4 Bg7 20. Qf4 Bb7 21. Re3
Bxg2 22. Kxg2 e6 23. Rf3 Rf8 24. Rd1 d5 25. a3 b4 26. axb4 Qb6 27. b5 e5 28. Qb4
d4 29. Ne2 Qxb5 30. Qxb5 Rxb5 31. b3 Rfb8 32. Rb1 e4 33. Rf4 f5 34. h4 d3 35.
Ng1 Rxb3 0-1

[Event "Challenge"]
[Site "http://www.queenalice.com/game.php?id=57042"]
[Date "2006.3.12"]
[Round "-"]
[White "cox7"]
[Black "tesselizaga"]
[Result "1-0"]
[WhiteElo "2030"]
[BlackElo "1184"]

1. d4 d5 2. c4 dxc4 3. e3 c5 4. Bxc4 cxd4 5. Nf3 Nc6 6. exd4 e6 7. O-O Nf6 8.
Nc3 a6 9. a3 Bd6 10. d5 Na7 11. dxe6 Bxe6 12. Re1 Qd7 13. Bxe6 fxe6 14. Ng5 O-O
15. Nxe6 Rfe8 16. Qb3 Re7 17. Bf4 Kh8 18. Rad1 Rxe6 19. Rxe6 Re8 20. Rexd6 Qe7
21. h3 Nh5 22. Rd7 Qc5 23. Qf7 1-0

[Event "Running to stand still"]
[Site "http://www.queenalice.com/game.php?id=68007"]
[Date "2006.5.9"]
[Round "-"]
[White "Spike"]
[Black "cox7"]
[Result "0-1"]
[WhiteElo "2031"]
[BlackElo "2061"]

1. e4 c5 2. Nf3 d6 3. d4 cxd4 4. Nxd4 Nf6 5. Nc3 a6 6. Bc4 e6 7. Bb3 b5 8. Qf3
Bb7 9. O-O Nbd7 10. Re1 Nc5 11. Bd5 Qc7 12. Bxb7 Qxb7 13. b4 Ncd7 14. a4 bxa4
15. Rxa4 Be7 16. Qg3 O-O 17. Bh6 Nh5 18. Qf3 Rfc8 19. Na2 Nhf6 20. Qg3 Bf8 21.
f3 Nh5 22. Qh4 gxh6 23. Qxh5 Qb6 24. Rd1 Bg7 25. Qg4 Nf6 0-1

[Event "Challenge"]
[Site "http://www.queenalice.com/game.php?id=68090"]
[Date "2006.5.10"]
[Round "-"]
[White "Spike"]
[Black "cox7"]
[Result "1/2-1/2"]
[WhiteElo "2058"]
[BlackElo "2032"]

1. e4 c5 2. Nf3 d6 3. d4 cxd4 4. Nxd4 Nf6 5. Nc3 a6 6. Bc4 e6 7. Bb3 b5 8. O-O
Be7 9. Qf3 Qc7 10. Qg3 O-O 11. Bh6 Ne8 12. Rad1 Bd7 13. f4 Nc6 14. Nxc6 Bxc6 15.
f5 Kh8 16. f6 Bxf6 17. Rxf6 Rg8 18. Rf4 gxh6 19. Qf2 Rg7 20. Rf1 Qa7 21. Ne2 Nc7
22. Ng3 Qxf2+ 23. R1xf2 Be8 24. c3 Rd8 25. Nh5 Rg6 26. Bc2 e5 27. Rf5 Ne6 28.
Nf6 Bc6 29. Nd5 Bxd5 30. exd5 Nf4 31. Rxf7 Rg7 32. Rxg7 Kxg7 33. Rd2 Rd7 34. g3
Nh5 35. Kf2 Nf6 36. a4 Rc7 37. axb5 1/2-1/2

[Event "Challenge"]
[Site "http://www.queenalice.com/game.php?id=68092"]
[Date "2006.5.10"]
[Round "-"]
[White "Spike"]
[Black "cox7"]
[Result "1-0"]
[WhiteElo "2042"]
[BlackElo "2048"]

1. e4 c5 2. Nf3 d6 3. d4 cxd4 4. Nxd4 Nf6 5. Nc3 a6 6. Bc4 e6 7. Bb3 Nbd7 8. f4
Nc5 9. Qf3 Qd7 10. f5 e5 11. Nde2 Nxb3 12. axb3 d5 13. O-O Bc5+ 14. Kh1 d4 15.
Nd5 Nxd5 16. exd5 f6 17. Bd2 b5 18. c3 dxc3 19. bxc3 O-O 20. c4 Bb7 21. Qg4 Rac8
22. Rad1 Rfe8 23. Ng3 bxc4 24. bxc4 Bd4 25. Nh5 Kh8 26. Rf3 Rxc4 27. Rg3 Rec8
28. d6 Rc2 29. h3 Bc6 30. Qxg7+ Qxg7 31. Rxg7 1-0

[Event "QA-ANNIV-01"]
[Site "http://www.queenalice.com/game.php?id=78028"]
[Date "2006.6.18"]
[Round "3"]
[White "swmorgana"]
[Black "cox7"]
[Result "0-1"]
[WhiteElo "1405"]
[BlackElo "2059"]

1. e4 c5 2. Nc3 d6 3. Nd5 e6 4. Nc3 Nf6 5. Bb5+ Nbd7 6. Nf3 Be7 7. d4 cxd4 8.
Nxd4 O-O 9. Nf3 Qc7 10. O-O Nc5 11. Be3 Ncxe4 12. Nxe4 Nxe4 13. Qd3 Nf6 14. Bd4
a6 15. Ba4 b5 16. Bb3 Bb7 17. Rae1 e5 18. Bc3 e4 19. Qe3 d5 20. Ng5 a5 21. Qh3
h6 22. Nxf7 Rxf7 23. Re3 a4 24. Rg3 axb3 25. cxb3 Bd6 26. f4 Bc5+ 27. Rf2 Bxf2+
28. Kxf2 Qxf4+ 29. Ke2 b4 30. Bd2 Ba6+ 31. Kd1 Qf1+ 32. Be1 Qe2+ 33. Kc1 Qxe1+
34. Kc2 Ng4 35. Rxg4 Rf2# 0-1

[Event "QA-ANNIV-01"]
[Site "http://www.queenalice.com/game.php?id=90941"]
[Date "2006.7.31"]
[Round "4"]
[White "cox7"]
[Black "merlos"]
[Result "0-1"]
[WhiteElo "2092"]
[BlackElo "1877"]

1. d4 d5 2. c4 e6 3. Nf3 Nf6 4. Nc3 Be7 5. Bg5 O-O 6. e3 Nbd7 7. Qc2 h6 8. Bf4
c5 9. dxc5 Nxc5 10. Be2 Bd6 11. Bxd6 Qxd6 12. O-O e5 13. cxd5 e4 14. Nd4 b6 15.
b4 Na6 16. a3 Nc7 17. Nxe4 Nxe4 18. Qxe4 Nxd5 19. Rac1 f5 20. Qd3 Bb7 0-1

[Event "AUTO-MASTER-40"]
[Site "http://www.queenalice.com/game.php?id=94466"]
[Date "2006.8.10"]
[Round "2"]
[White "Nephi_R"]
[Black "cox7"]
[Result "1-0"]
[WhiteElo "1909"]
[BlackElo "1991"]

1. e4 c5 2. Nf3 d6 3. d4 cxd4 4. Nxd4 Nf6 5. Nc3 a6 6. a4 Nc6 7. Be2 e6 8. Be3
Be7 9. Nxc6 bxc6 10. a5 c5 11. Qd2 Bb7 12. f3 Bc6 13. O-O O-O 14. Rfd1 Qc7 15.
Na4 Nd7 16. c3 Rfb8 17. b4 1-0

[Event "AUTO-MASTER-40"]
[Site "http://www.queenalice.com/game.php?id=94467"]
[Date "2006.8.10"]
[Round "2"]
[White "cox7"]
[Black "Nephi_R"]
[Result "0-1"]
[WhiteElo "1972"]
[BlackElo "1970"]

1. d4 e6 2. c4 b6 3. Nf3 Bb4+ 4. Bd2 a5 5. g3 Nf6 6. Bg2 Bb7 7. Nc3 O-O 8. O-O
d5 9. Ne5 Nbd7 10. Bg5 Be7 11. Rc1 Nxe5 12. dxe5 Nd7 13. Bxe7 Qxe7 14. cxd5 Nxe5
15. dxe6 Bxg2 0-1

[Event "Challenge"]
[Site "http://www.queenalice.com/game.php?id=98240"]
[Date "2006.8.22"]
[Round "-"]
[White "zoki74"]
[Black "cox7"]
[Result "1-0"]
[WhiteElo "2027"]
[BlackElo "2067"]

1. d4 Nf6 2. c4 e6 3. Nc3 Bb4 4. Qc2 O-O 5. a3 Bxc3+ 6. Qxc3 b6 7. Bg5 Bb7 8. e3
d6 9. f3 Nbd7 10. Bd3 c5 11. Ne2 h6 12. Bh4 Rc8 13. Qb3 cxd4 14. exd4 d5 15. O-O
dxc4 16. Bxc4 Qc7 17. Rac1 Qd6 18. Bg3 Qe7 19. Nf4 Nd5 20. Nxd5 exd5 21. Bb5 Nf6
22. Rfe1 Rxc1 23. Rxc1 a6 24. Rc7 1-0

[Event "Challenge"]
[Site "http://www.queenalice.com/game.php?id=109887"]
[Date "2006.9.26"]
[Round "-"]
[White "cox7"]
[Black "Lcannon610"]
[Result "0-1"]
[WhiteElo "2033"]
[BlackElo "1887"]

1. d4 Nf6 2. c4 e6 3. Nf3 b6 4. g3 d5 5. Bg2 Bb4+ 6. Bd2 Bxd2+ 7. Nbxd2 O-O 8.
O-O Nc6 9. Ne5 Nxd4 10. e3 Nf5 11. cxd5 exd5 12. Nc6 Qd6 13. Qc2 Bd7 14. Rac1
Rfc8 0-1

[Event "Challenge"]
[Site "http://www.queenalice.com/game.php?id=109888"]
[Date "2006.9.26"]
[Round "-"]
[White "Lcannon610"]
[Black "cox7"]
[Result "1-0"]
[WhiteElo "1909"]
[BlackElo "2011"]

1. Nf3 Nf6 2. c4 g6 3. d3 Bg7 4. e4 d6 5. Nc3 O-O 6. d4 c5 7. Bg5 cxd4 8. Qxd4
Nc6 9. Qd2 Bg4 10. Be2 Qa5 11. h3 Bxf3 12. Bxf3 Ne5 13. Be2 Rac8 14. b3 1-0